000 01960cam a22003015a 4500
001 0000661322
003 OSt
005 20151214131620.0
008 100925s2011 enka frbdf 001 0 eng d
020 _a9781408128114
040 _aBIP US
_beng
_dWaSeSS
_dEG-ScBUE
_dEG-ScBUE
082 0 4 _a650
_bBUS
_222
245 1 0 _aBusiness :
_bthe ultimate resource.
250 _a3rd rev. ed.
260 _aLondon :
_bA & C Black Publishers Limited,
_c2011.
300 _axxiv, 1760 p. :
_bill. ;
_c28 cm.
500 _a"A rich treasury of informaion Harvard business review." -- cover page.
500 _a"A useful powerful tool." management today -- cover page.
500 _a"The only guide to business you'll ever need." -- cover page.
500 _aIndex : p. 1589-1606.
500 _aGlossary : p. 1301-1585.
504 _aIncludes bibliographical references.
520 _aAn international bestseller, BUSINESS: The Ultimate Resourceis a one-stop reference and interactive tool covering all aspects of today's world of work.Unique, authoritative, and wide-ranging, it offers practical and strategic advice for anyone doing business today. Written with a team of world-class writers and editors, it is an essential desk reference for managers, MBA and business students and for small business owners worldwide.Fully updated and revised for this new edition, BUSINESSfeatures:Best Practice: over 170 essays from a stellar cast of business thought leadersChecklists and actionlists: more than 200 practical solutions to everyday business challengesManagement Library: time-saving digests of more than 100 of the world's best business booksDictionary: jargon-free definitions of more than 7,000 termsGiants and Thinkers: revised biographies of over 100 of the world's most influential gurus and pioneers
650 0 _aManagement
_vHandbooks, manuals, etc.
_2BUEsh
651 _2BUEsh
653 _bBUSADM
_cAugust2015
_cDecember2015
942 _2ddc
_k650 BUS
999 _c20737
_d20709